000 01042nam a2200313 i 4500
001 89006
003 ES-MaACL
005 20230906180029.0
007 t|
008 050124s2003 sp |||| | spa d
020 _a84-7844-714-8
080 _a316.7:821.133.1"16/17"
080 _a316.344.32-0552(44)"16/17"
080 _a008(44)"16/17"
100 1 _aCraveri, Benedetta.
_941453
245 1 3 _aLa cultura de la conversación /
_cBenedetta Craveri ; traducción de César Palma.
260 _aMadrid :
_bSiruela,
_c[2003]
300 _a610 p. ;
_c24 cm.
490 1 _aBiblioteca de ensayo.
_aSerie mayor ;
_v28
500 _aÍndice.
504 _aBibliografía: p. 479-569.
650 1 4 _aLiteratura y sociedad-
_zFrancia-
_vHistoria.
_9162632
650 _aMujeres intelectuales-
_zFrancia.
_9162633
651 4 _aFrancia-
_xVida intelectual-
_yS.XVI-XVIII.
_9162634
700 1 _aPalma, César.
_988608
830 0 _aBiblioteca de ensayo.
_aSerie mayor ;
_v28
_9180582
852 _aES-MaACL
_jL-28628
999 _c89006
_d89006